Guess The Fragrance - Statistics

General Stats
  • This quiz has been taken 1,418 times
  • The average score is 4 of 12
Answer Stats
Hint (average price - top notes - families) Answer (alphabetical order) % Correct
$107.40 - Lavender, Mint - Ambery, Woody Jean Paul Gaultier Le Mâle Elixer
63%
$172. 47 - Bergamot, Mandarin, Elemi - Citrus Dior Sauvage
60%
$19.53 - Apple, Bergamot, Cinnamon, Lavender - Oriental Afnan 9pm
50%
$92.23 - Bergamot, Fig, Grapefruit, Ozonic Notes - Fougere, Aromatic Versace Pour Homme Dylan Blue
46%
$103.07 - Violet Leaf, Cedarwood, Ginger - Fougere, Woody Valentino Uomo Born In Roma
33%
$67.25 - Cardamom, Pink Pepper - Fourgere Giorgio Armani Stronger With You
31%
$60.74 - Apple, Green Notes - Woody Nautica Voyage
29%
$101.43 - Mandarin - Woody Paco Rabanne 1 Million
26%
$87.89 - Tea, Blueberry - Woody Balenciaga Intense
12%
$109.57 - Bergamot, Citrus Notes, Neroli, Orange - Fougere Dolce & Gabbana Pour Homme
9%
$87.88 - Grapefruit, Lemon, Cranberry - Fougere, Woody Ralph Lauren Polo Red
8%
$81.38 - Pear - Woody Mercedes-Benz Man Intense
5%
No matching quizzes found
Score Distribution
Percent of People with Each Score
Percentile by Number Answered
Your Score History
You have not taken this quiz